Etude sur le Parménide de Platón
Uloženo v:
| Hlavní autor: | |
|---|---|
| Médium: | Kniha |
| Jazyk: | francouzština |
| Vydáno: |
París
Libraire philosophique
1951
|
| Vydání: | 4a. ed |
| Edice: | Bibliotheque d'histoire de la philosophie
|
| Témata: | |
| Tagy: |
Přidat tag
Žádné tagy, Buďte první, kdo vytvoří štítek k tomuto záznamu!
|
MARC
| LEADER | 00000nam a2200000 a 4500 | ||
|---|---|---|---|
| 001 | UCY6230 | ||
| 003 | CL-VaPUC | ||
| 008 | 950521e19510000FR |||||||||||||||||fre|d | ||
| 082 | 0 | 4 | |a 184 |b WAH |2 21 |
| 100 | 0 | |a Wahl, Jean André |e author |9 336075 | |
| 245 | 1 | 0 | |a Etude sur le Parménide de Platón |
| 250 | |a 4a. ed | ||
| 300 | |a 276 p | ||
| 942 | |c BK | ||
| 945 | |d 19950521 00:00:00 |a oaravena | ||
| 260 | |a París |b Libraire philosophique |c 1951 | ||
| 600 | 0 | 7 | |a PLATON |2 CL-VaPUC |9 222 |
| 650 | 0 | |a Filosofía antigua |9 255705 | |
| 650 | 0 | |a Metafísica |9 265649 | |
| 650 | 0 | |a Idealismo |9 265685 | |
| 650 | 0 | |a Filosofía |9 223554 | |
| 650 | 7 | |a IDEAS |2 CL-VaPUC |9 336076 | |
| 651 | 0 | |a Grecia |9 265314 | |
| 583 | |a last modification |c 19950521 00:00:00 |k Rodrigo Vera | ||
| 490 | 0 | |a Bibliotheque d'histoire de la philosophie | |
| 999 | |c 233810 |d 233808 | ||
| 952 | |0 0 |1 0 |4 0 |6 184_000000000000000_WAH_1951 |7 0 |8 P |9 239566 |a BIBEDU |b BIBEDU |c BIBEDU_PB |d 2019-11-18 |i 1501704 |o 184 WAH 1951 |p 1501704 |r 2024-01-25 |w 2019-11-18 |y BK |k FIL | ||
| 952 | |0 0 |1 0 |4 0 |6 184_000000000000000_WAH_1951 |7 0 |8 P |9 239567 |a BIBEDU |b BIBEDU |c BIBEDU_PB |d 2019-11-18 |i 3122085 |o 184 WAH 1951 |p 3122085 |r 2024-01-25 |w 2019-11-18 |y BK |k FIL | ||